000 00411nam a2200181Ia 4500
001 15448
005 20260306170157.0
008 260306t2010||||xx |||||||||||||| ||und||
041 _aESP
082 _a540
_bE311
100 _aEbbing, Darrell D.
_eAUT
245 0 _aQuímica general
260 _c2010
300 _av.s páginas :
_c27 cm.
650 _aGEN
654 _aCCN
942 _cLIB
_dJUS
_fJUS
_2ddc
_n
999 _c15448
_d15448